header

The ecology of industry (Record no. 63760)

MARC details
000 -LEADER
fixed length control field 01381nam a2200337 a 4500
082 04 - DEWEY DECIMAL CLASSIFICATION NUMBER
Classification number 363.73/1
245 04 - TITLE STATEMENT
Title The ecology of industry
260 ## - PUBLICATION, DISTRIBUTION, ETC. (IMPRINT)
Place of publication Washington D.C. :
Name of publisher National Academy Press,
Year of publication 1998.
300 ## - PHYSICAL DESCRIPTION
Number of Pages ix, 149 p. :
Other physical details ill.
650 #0 - SUBJECT ADDED ENTRY--TOPICAL TERM
Topical Term Manufacturing industries
Topical Term Electric utilities
Topical Term Wood-pulp industry
700 1# - ADDED ENTRY--PERSONAL NAME
Personal name Richards, Deanna J.
Personal name Pearson, Greg.
856 40 - ELECTRONIC LOCATION AND ACCESS
Uniform Resource Identifier http://site.ebrary.com/lib/rucke/Doc?id=10055101

No items available.

© 2026 Rongo University
Contact us: librarian | system librarian | Rongo university